00369 2200145 4500001002100000005001500021035002000036245006600056100002400122300001200146260003100158082000800189084001400197990001200211INLIS00000000000212120250527111328 a0010-05250004131 aPedoman Langkah Awal Menjalankan Usaha /cDavid H. Bangs, Jr.0 aDavid H. Bangs, Jr. a177 hlm aJakarta :bErlangga,c1995 a300 a300 DAV p a0713129